| 000 | 01113njm a2200277Ia 4500 | ||
|---|---|---|---|
| 001 | E1236 | ||
| 003 | IT-RoPAU | ||
| 005 | 20220918181210.0 | ||
| 008 | 131025s9999 xx 000 0 und d | ||
| 040 | _aIT-RoPAU | ||
| 040 | _cIT-RoPAU | ||
| 999 |
_c103680 _d103680 |
||
| 999 | _bn.d. | ||
| 100 |
_aBach Johann Sebastian _931367 |
||
| 100 |
_eAutore musica _931368 |
||
| 100 |
_gCodice autore musica SPICS: 9695 _931369 |
||
| 245 | _aConcerti brandeburghesi | ||
| 250 | _a1a ed. | ||
| 260 | _aITALIA | ||
| 260 |
_bEMI - LA VOCE DEL PADRONE _c [1a Ed.: - Ed. Lingua Orig.: 1721] |
||
| 300 | _aDISCO | ||
| 500 | _aMusica classica. | ||
| 505 | _aConcerto brandeburghese n. 1 in fa maggiore BWV 1046 - Concerto brandeburghese n. 2 in fa maggiore BWV 1047 - Concerto brandeburghese n. 3 in sol mag BWV 1048 - Concerto brandeburghese n. 4 in sol mag BWV 1049 - Concerto brandeburghese n. 5 in re maggiore BWV 1050 - Concerto brandeburghese n. 6 in si bem mag BWV 1051. | ||
| 511 | _aThe Bath Festival Chamber Orchestra diretta da Menuhin Yehudi | ||
| 650 |
_aCLASSICA [DISCHI] _eCodice MATERIA SPICS: 9950 _91157 |
||
| 942 |
_cMD _2ddc |
||